01996cam a22003735i 4500999001700000001000900017003000900026005001700035008004100052020001800093020001500111035002400126040006700150082002500217245008300242264006800325264001000393300002600403336002600429337002800455338002700483504004100510520063200551650005401183650004001237650004201277650002901319650003001348653002101378655002401399700003701423942001201460952015001472 c28525d2849616153660EG-ScBUE20200719170854.0100325t20102010nyu f b 000 0 eng d a9781932716603 a1932716602 a(OCoLC)ocn471787571 aDLCbengerdacDLCdYDXdBTCTAdYDXCPdCDXdBWXdDLCdEG-ScBUE04a303.4840285bDIG22200aDigital activism decoded :bthe new mechanics of change /cMary Joyce, editor. 1aNew York :bInternational Debate Education Association,c[2010] 4cc2010 axi, 228 paes ;c23 cm atextbtxt2rdacontent aunmediatedbn2rdamedia avolumebnc2rdacarrier aIncludes bibliographical references. a"The media has recently been abuzz with cases of citizens around the world using digital technologies to push for social and political change: from the use of Twitter to amplify protests in Iran and Moldova to the thousands of American non-profits creating Facebook accounts in the hopes of luring supporters. These stories have been published, discussed, extolled, and derided, but have not yet been viewed holistically as a new field of human endeavor. We call this field "digital activism" and its dynamics, practices, misconceptions, and possible futures are presented together for the first time in this book."--Pub. desc. 7aInformation technologyxPolitical aspects.2BUEsh 7aInternetxPolitical aspects.2BUEsh 7aCyberspacexPolitical aspects.2BUEsh 7aSocial movements.2BUEsh 7aProtest movements.2BUEsh bCOMAMEcJuly2020 vReading book9342321 aJoyce, Maryq(Mary C.),eeditor. 2ddccBB 00102ddc40708BaccahaMAINbMAINc1STd2020-07-19ePurchasel1m1o303.4840285 DIGp000049406r2025-07-15 00:00:00s2022-01-04w2020-07-19yBB